00519nam a2200193 a 4500001001300000003000900013005001700022008004100039020001000080082001300090100002300103245004800126260004300174300000800217500003500225505001700260650002500277700002300302nice12345678IN_TiNIC20260116013002.0050524s1981 coca grp 000 0 eng  ac10000a291bBHA aBharathan, Govinda aReinhard`s Dreamb the Altenhof Experience. aCochinbChitravathy Publicationsc1981 a69p aincludes index and biblioraphy2 aBibliography aComparative Religion1 aBharathan, Govinda